000 00472nab a22001457 4500
003 ES-SlBCS
005 20211217101923.0
008 171121s2017 sp ||||| |||| 00| 0 spa d
040 _aES-SlBCS
_bspa
041 _aspa
100 1 _aKing, Ursula
_9111981
245 1 0 _aPierre Teilhard de Chardin: primer ensayo. La vida cósmica y su oración al Cristo cósmico
_cUrsula King
773 0 _gNúm. 373, 2017, págs. 153-156
_tConcilium
_wRev134
_x0210-1041
942 _2lcc
_cAR
999 _c474330
_d474330